省级政府都在哪?Where are Provincial Governments? - Statistics

General Stats
  • This quiz has been taken 59 times
  • The average score is 9 of 34
Answer Stats
政府驻地 省级行政区 % Correct
敕勒川大街1号 内蒙古自治区
75%
湘府西路8号 湖南省
73%
洪山路7号 湖北省
55%
金水东路22号 河南省
54%
添美道2号 香港特别行政区
52%
裕华东路113号 河北省
48%
人民大道200号 上海市
41%
北京西路68号 江苏省
39%
运河东大街57号 北京市
39%
南湾大马路131号 澳门特别行政区
36%
府前路1号 广东省
34%
北陵大街45号 辽宁省
29%
新城大院 陕西省
27%
华山南路78号 云南省
25%
华林路76号 福建省
25%
中兴新村 台湾省
25%
督院街30号 四川省
25%
中华北路242号 贵州省
23%
省府路11号 浙江省
20%
省府前街1号 山东省
20%
康昂东路1号 西藏自治区
20%
中山路1号 安徽省
18%
新发路329号 吉林省
16%
卧龙路999号 江西省
14%
人民路232号 重庆市
14%
中山路202号 黑龙江省
14%
西大街12号 青海省
13%
民乐路1号 广西壮族自治区
13%
省府街3号 山西省
13%
中山路479号 新疆维吾尔自治区
9%
中央广场1号 甘肃省
9%
友谊路30号 天津市
9%
解放西街361号 宁夏回族自治区
7%
国兴大道9号 海南省
5%
No matching quizzes found
Score Distribution
Percent of People with Each Score
Percentile by Number Answered
Your Score History
You have not taken this quiz